Chyby v komunikácii učiteľa v triede

Salvato in:
Dettagli Bibliografici
Autore principale: Vavro, Roman, 1972- (Autore)
Altri autori: Strakoš, Jozef, 1966- (xxx)
Natura: Manoscritto Libro
Pubblicazione: STU v Bratislave MTF UIPH, 2010
Tags: Aggiungi Tag
Nessun Tag, puoi essere il primo ad aggiungerne!!

MARC

LEADER 00000ntm a22000003a 4500
001 stu218929
005 20160719160236.3
008 101207s2010----------------------------d
040 |a STU  |b slo 
041 0
100 1 |a Vavro, Roman,  |d 1972-  |4 aut  |X 52689  |7 A000052689 
245 1 |a Chyby v komunikácii učiteľa v triede 
260 |b STU v Bratislave MTF UIPH,  |c 2010 
700 1 |a Strakoš, Jozef,  |d 1966-  |4 xxx  |u M7100  |U MTF Ústav inžinierskej pedagogiky a humatitných vied  |T MTF Katedra inžinierskej pedagogiky a psychológie  |X 47606  |U M7100  |Y 170  |7 A000047606 
996 |c M*DP-9591  |l MMSKP  |s P  |a 0  |w stu218929_0001